Znižovanie administratívnej záťaže a nástroje eGovernmentu

Podstata administratívnej záťaže. Spôsoby znižovania administratívnej záťaže. Náklady regulácie. Meranie administratívnej záťaže. SCM model. eGovernment ako jeden zo základných nástrojov zjednodušovania podnikateľského prostredia v zmysle odstraňovania nadbytočnej administratívnej záťaže.

Salvato in:
Dettagli Bibliografici
Autore principale: Hargaš, Ján
Natura: Capitolo di libro
Lingua:slovacco
Soggetti:
Tags: Aggiungi Tag
Nessun Tag, puoi essere il primo ad aggiungerne!!

MARC

LEADER 00000naa$a2200000$$$4500
001 0090436
005 20230929121734.5
041 0 |a slo 
044 |a SK 
245 1 0 |a Znižovanie administratívnej záťaže a nástroje eGovernmentu  |c Ján Hargaš 
520 |a Podstata administratívnej záťaže. Spôsoby znižovania administratívnej záťaže. Náklady regulácie. Meranie administratívnej záťaže. SCM model. eGovernment ako jeden zo základných nástrojov zjednodušovania podnikateľského prostredia v zmysle odstraňovania nadbytočnej administratívnej záťaže. 
610 2 0 |a správa verejná elektronická 
610 2 0 |a regulácia 
610 2 0 |a prostredie podnikateľské 
610 2 0 |a administratíva 
610 2 0 |a služby administratívne 
100 1 |a Hargaš, Ján